Southville International School and Colleges
Your cart is empty.
  • Cart
  • Lists
    Public lists Eva Luna New books Lux_list list_1
    Your lists Log in to create your own lists
  • Log in to your account
  • Your cookies
  • Search history
Southville International School and Colleges
  • Advanced search
  • Recent comments
  • Most popular
  • Libraries

Log in to your account

Log in with GOOGLE


If you do not have an external account, but do have a local account, you can still log in:

  1. Home
  2. MARC view: Office 2016 /
Normal view MARC view ISBD view

Office 2016 / (Record no. 357852)

[ view plain ]
MARC details
000 -LEADER
fixed length control field 00739nam a2200265Ia 4500
008 - FIXED-LENGTH DATA ELEMENTS--GENERAL INFORMATION
fixed length control field 180523s9999 xx 000 0 und d
020 ## - INTERNATIONAL STANDARD BOOK NUMBER
International Standard Book Number 978-1-84078-650-7
050 ## - LIBRARY OF CONGRESS CALL NUMBER
Classification number ComSc HF 5548.4
050 ## - LIBRARY OF CONGRESS CALL NUMBER
Item number .M525P75 2016
100 ## - MAIN ENTRY--PERSONAL NAME
Personal name Price, Michael.
245 #0 - TITLE STATEMENT
Title Office 2016 /
245 #0 - TITLE STATEMENT
Statement of responsibility, etc Michael Price and Mike McGrath.
260 ## - PUBLICATION, DISTRIBUTION, ETC. (IMPRINT)
Place of publication, distribution, etc United Kingdom :
260 ## - PUBLICATION, DISTRIBUTION, ETC. (IMPRINT)
Name of publisher, distributor, etc In Easy Steps,
260 ## - PUBLICATION, DISTRIBUTION, ETC. (IMPRINT)
Date of publication, distribution, etc 2016
300 ## - PHYSICAL DESCRIPTION
Extent 240 pages :
300 ## - PHYSICAL DESCRIPTION
Other physical details colored illustrations ;
300 ## - PHYSICAL DESCRIPTION
Dimensions 23 cm.
500 ## - GENERAL NOTE
General note Includes index.
650 ## - SUBJECT ADDED ENTRY--TOPICAL TERM
Topical term or geographic name as entry element Business -- Computer programs.
650 ## - SUBJECT ADDED ENTRY--TOPICAL TERM
Topical term or geographic name as entry element Computer software.
650 ## - SUBJECT ADDED ENTRY--TOPICAL TERM
Topical term or geographic name as entry element Microsoft office -- Handbooks, manuals, etc.
650 ## - SUBJECT ADDED ENTRY--TOPICAL TERM
General subdivision Computer programs.
650 ## - SUBJECT ADDED ENTRY--TOPICAL TERM
General subdivision Microsoft software.
Holdings
Withdrawn status Lost status Damaged status Home library Current library Shelving location Date acquired Cost, normal purchase price Total Checkouts Full call number Barcode Date last seen Price effective from Koha item type
      South Mansfield College South Mansfield College   02/14/2017 1575.00   ComSc HF 5548.4 .M525P75 2016 SMC06105 05/23/2018 05/23/2018 Books

Office 2016 /

APA

Price M., .Office 2016. United Kingdom: .

Chicago

Price Michael, .Office 2016. United Kingdom: .

Harvard

Price M., .Office 2016. United Kingdom: .

MLA

Price Michael, .United Kingdom: . .

  • Place hold
  • Print
  • Cite
  • Add to your cart (remove)
  • Save record
    BIBTEX Dublin Core MARCXML MARC (non-Unicode/MARC-8) MARC (Unicode/UTF-8) MARC (Unicode/UTF-8, Standard) MODS (XML) RIS
  • More searches
    Search for this title in:
    Other Libraries (WorldCat) Other Databases (Google Scholar) Online Stores (Bookfinder.com) Open Library (openlibrary.org)

Exporting to Dublin Core...

SOUTHVILLE LIBRARY

Southville International School and Colleges Library

1281 Tropical Ave. Cor. Luxembourg St., BF Homes International, Las Pinas City

Tel. No. 8256374 / 252358 Loc. 117/146

Powered by Koha